000 01053nam a2200301 i 4500
003 DO-SdBNP
005 20240625154354.0
007 ta
008 240625b1966 mx || 001 0 spa d
040 _aDO-SdBNP
_bspa
_cBNPHU
_erda
082 4 _222
_bG654
100 1 _aGoodrich, Frederick W.,
_eautor
_985746
240 _aNatural childbirth /
245 1 0 _aMaternidad sin dolor :
_bguía completa de la futura madre /
_cFrederick W. Goodrich ; traducción, María Teresa Luaces de Fontanilla
250 _a3a. edición
264 _aMadrid, España :
_bDaimon,
_c1966.
300 _a269 páginas :
_bilustraciones ;
_c19 cm.
336 _2rdacontent
_atexto
_btxt
337 _2rdamedia
_asin mediación
_bn
338 _2rdacarrier
_avolumen
_bnc
490 _aPequeña biblioteca
500 _aIncluye índice alfabético de materias.
534 _aNatural childbirth
_bIdioma original: ingles
590 _aInventariado, 2024/ YL
700 _aLuaces Fontanilla, María Teresa de,
_etraductor
_985747
910 _aYLockward
942 _2ddc
_cLBS1
999 _c56991
_d56991